书目信息 |
| 题名: |
大学英语口语教程
|
|
| 作者: | 周红红 总主编 ;左映娟 本册主编 | |
| 分册: | 第4册 | |
| 出版信息: | 北京 清华大学出版社 2005.02 |
|
| 页数: | 290页 | |
| 开本: | 23cm | |
| 丛书名: | 高等学校大学英语系列教材 | |
| 单 册: | ||
| 中图分类: | H319.9 | |
| 科图分类: | ||
| 主题词: | 英语--口语--高等学校--教材 | |
| 电子资源: | ||
| ISBN: | 7-81082-358-2 | |
| 000 | 01149nam 2200265 450 | |
| 001 | 0149776752 | |
| 005 | 20071015155949.46 | |
| 010 | @a7-81082-358-2@d32.00CNY | |
| 100 | @a20050404d2005 km y0chiy0120 ea | |
| 101 | 0 | @achi@aeng |
| 102 | @aCN@b110000 | |
| 105 | @ay z 000yy | |
| 200 | 1 | @a大学英语口语教程@Ada xue ying yu kou yu jiao cheng@h第4册@f周红红总主编@Fzhou hong hong zong zhu bian@g左映娟本册主编@Gzuo ying juan ben ce zhu bian |
| 210 | @a北京@c清华大学出版社@a北京@c北京交通大学出版社@d2005.02 | |
| 215 | @a290页@c图@d23cm | |
| 225 | 2 | @a高等学校大学英语系列教材 |
| 300 | @a北京市高等教育精品教材立项项目 | |
| 330 | @a这是大学期间的最后一个学期了,这时学习的压力不是很大,有些同学就开始谈(4-1)恋爱,丁丁也偷偷喜欢上一个姑娘。同学们谈论的问题也更为深刻,如一些(4-2)政治事件、信仰,(4-3)广告与科技发展等,但女同学更喜欢讨论(4-4)时装、时尚、美容、减肥等。五一长假 | |
| 410 | 0 | @12001 @a高等学校大学英语系列教材 |
| 606 | 0 | @a英语@x口语@x高等学校@x教材 |
| 690 | @aH319.9@v4 | |
| 701 | 0 | @a周红红@Azhou hong hong@4总主编 |
| 702 | 0 | @a左映娟@Azuo ying juan@4本册主编 |
| 801 | 0 | @aCN@c20071015 |
| 905 | @dH319.9@eZ762 | |
| 大学英语口语教程.第4册/周红红总主编/左映娟本册主编.-北京:清华大学出版社;北京:北京交通大学出版社,2005.02 |
| 290页:图;23cm.-(高等学校大学英语系列教材) |
| 北京市高等教育精品教材立项项目 |
| ISBN 7-81082-358-2:32.00CNY |
| 这是大学期间的最后一个学期了,这时学习的压力不是很大,有些同学就开始谈(4-1)恋爱,丁丁也偷偷喜欢上一个姑娘。同学们谈论的问题也更为深刻,如一些(4-2)政治事件、信仰,(4-3)广告与科技发展等,但女同学更喜欢讨论(4-4)时装、时尚、美容、减肥等。五一长假 |
| ● |
| 相关链接 |
|
|
|
正题名:大学英语口语教程
索取号:H319.9/Z762
 
预约/预借
| 序号 | 登录号 | 条形码 | 馆藏地/架位号 | 状态 | 备注 |
| 1 | 522942 | 205229420 | 语言库209/209语言库 114排1列5层/ [索取号:H319.9/Z762] | 在馆 | |
| 2 | 522943 | 205229439 | 语言库209/209语言库 114排1列5层/ [索取号:H319.9/Z762] | 在馆 | |
| 3 | 522944 | 205229448 | 语言库209/209语言库 114排1列5层/ [索取号:H319.9/Z762] | 在馆 | |
| 4 | 652478 | 206524787 | 语言库209/209语言库 114排1列5层/ [索取号:H319.9/Z762] | 在馆 |